[Event "11. Senioren Team Europameiste"]
[Site "Velden - Casino"]
[Date "2009.04.05"]
[Round "1"]
[Board "1"]
[White "Van, Geffen Ben"]
[Black "Tseshkovsky, Vitaly"]
[Result "0-1"]
[WhiteElo "2134"]
[BlackElo "2554"]
[PlyCount "98"]
[EventDate "2009.04.05"]
[EventType "team"]
[EventRounds "9"]
[EventCountry "AUT"]
[WhiteTeam "Oranjeteam"]
[BlackTeam "Russland"]

1.e4 d6 2.d4 Nf6 3.Nc3 g6 4.f4 Bg7 5.Nf3 O-O 6.Be3 c6 7.Qd2 b5 8.Bd3 a5 9.a3 Na6
10.h3 b4 11.Nd1 d5 12.Nf2 dxe4 13.Nxe4 Nd5 14.O-O Nxe3 15.Qxe3 c5 16.c3 cxd4
17.Nxd4 Qb6 18.Rfd1 bxc3 19.bxc3 Nc7 20.Nf5 Qxe3+ 21.Nxe3 Bh6 22.Rf1 Ba6 23.Rad1
Rfd8 24.Bxa6 Rxd1 25.Nxd1 Rxa6 26.g3 Rc6 27.Rf3 f5 28.Nef2 Nb5 29.a4 Nd6 30.Rd3
e6 31.Kf1 Kf7 32.Ke2 Ke7 33.Re3 Bg7 34.Nd3 Ne4 35.Ne5 Bxe5 36.fxe5 Rc5 37.Kd3
Rxe5 38.Kc2 Rd5 39.Nb2 Rd2+ 40.Kb3 Rh2 41.Nc4 Nc5+ 42.Ka3 Rxh3 43.Nxa5 f4 44.Re5
Nd3 45.Re2 f3 46.Nc6+ Kd6 47.Rd2 Kxc6 48.Rxd3 Rxg3 49.Re3 Kd5

[Event "11. Senioren Team Europameiste"]
[Site "Velden - Casino"]
[Date "2009.04.05"]
[Round "1"]
[Board "2"]
[White "Pushkov, Nikolai"]
[Black "Holscher, Peter"]
[Result "1-0"]
[WhiteElo "2499"]
[BlackElo "2066"]
[PlyCount "93"]
[EventDate "2009.04.05"]
[EventType "team"]
[EventRounds "9"]
[EventCountry "AUT"]
[WhiteTeam "Russland"]
[BlackTeam "Oranjeteam"]

1.d4 Nf6 2.Nf3 e6 3.c4 b6 4.g3 Ba6 5.b3 Bb4+ 6.Bd2 Be7 7.Bg2 c6 8.O-O O-O 9.Bc3
d5 10.Ne5 Nfd7 11.Nxd7 Nxd7 12.Nd2 Nf6 13.e4 dxe4 14.Nxe4 Bb7 15.Re1 Rc8 16.Qc2
Rc7 17.Rad1 h6 18.Nd2 Qa8 19.c5 Nd5 20.Bb2 Rd7 21.Nf3 Bf6 22.Ne5 Bxe5 23.Rxe5
Qd8 24.Rde1 Qf6 25.a3 Rfd8 26.h4 Qe7 27.b4 b5 28.f4 Qf8 29.f5 exf5 30.Qxf5 Bc8
31.Qf3 Re7 32.Qxd5 cxd5 33.Rxe7 Be6 34.Rxa7 Ra8 35.Rb7 Rb8 36.Rxb8 Qxb8 37.Re3
Qa8 38.Rc3 Bd7 39.Bc1 Qa4 40.c6 Qd1+ 41.Kh2 Bc8 42.Rc5 Qe2 43.Rxd5 Bg4 44.Re5
Qc2 45.Rc5 Qe2 46.c7 Bc8 47.Re5

[Event "11. Senioren Team Europameiste"]
[Site "Velden - Casino"]
[Date "2009.04.05"]
[Round "1"]
[Board "3"]
[White "Arp, Frans"]
[Black "Kremenietsky, Anatoly M"]
[Result "0-1"]
[WhiteElo "2095"]
[BlackElo "2361"]
[PlyCount "72"]
[EventDate "2009.04.05"]
[EventType "team"]
[EventRounds "9"]
[EventCountry "AUT"]
[WhiteTeam "Oranjeteam"]
[BlackTeam "Russland"]

1.e4 c5 2.Nf3 d6 3.d4 cxd4 4.Nxd4 Nf6 5.Nc3 a6 6.Bg5 Nbd7 7.f4 g6 8.Bc4 Bg7
9.Qe2 h6 10.Bxf7+ Kxf7 11.Qc4+ d5 12.Nxd5 b5 13.Qc6 Nb8 14.Qxa8 hxg5 15.Qxb8
Nxd5 16.Nc6 Qb6 17.Qxb6 Nxb6 18.fxg5 Bb7 19.Nb4 Bxb2 20.O-O+ Kg7 21.Rad1 Be5
22.g3 Bd6 23.Nd5 Nxd5 24.exd5 Rc8 25.Rd2 Bb4 26.Rd3 Rxc2 27.h4 Bc5+ 28.Kh1 e6
29.g4 Bxd5+ 30.Rxd5 exd5 31.Rf6 Rc4 32.Rc6 Be3 33.Re6 Re4 34.Rxa6 Rxg4 35.Ra5
Rxh4+ 36.Kg2 Rb4

[Event "11. Senioren Team Europameiste"]
[Site "Velden - Casino"]
[Date "2009.04.05"]
[Round "1"]
[Board "4"]
[White "Chernikov, Oleg L"]
[Black "Rost, Van Tonningen Otto"]
[Result "1-0"]
[WhiteElo "2388"]
[BlackElo "2049"]
[PlyCount "73"]
[EventDate "2009.04.05"]
[EventType "team"]
[EventRounds "9"]
[EventCountry "AUT"]
[WhiteTeam "Russland"]
[BlackTeam "Oranjeteam"]

1.d4 Nf6 2.c4 d6 3.Nf3 Nbd7 4.g3 c6 5.Nc3 Qc7 6.Bg2 e5 7.O-O Be7 8.e4 h6 9.h3 g5
10.Nh2 Nf8 11.f4 gxf4 12.gxf4 Ne6 13.Ne2 Nxd4 14.Nxd4 exd4 15.Qxd4 Qb6 16.Qxb6
axb6 17.f5 Nd7 18.a3 Bf6 19.Rd1 Ke7 20.Ng4 Bg5 21.Bd2 Bxd2 22.Rxd2 h5 23.Ne3 Rh6
24.Kf2 Ne5 25.Bf3 Bd7 26.Rg1 Rah8 27.Rg5 f6 28.Rg7+ Kf8 29.Rg1 Nf7 30.Ng2 Rg8
31.h4 Rh7 32.Rgd1 Rhg7 33.Nf4 Ne5 34.Rxd6 Ke8 35.Bxh5+ Ke7 36.Ng6+ Kd8 37.Nxe5

[Event "11. Senioren Team Europameiste"]
[Site "Velden - Casino"]
[Date "2009.04.05"]
[Round "1"]
[Board "1"]
[White "Donchenko, Anatoly"]
[Black "Wademark, Helge"]
[Result "1-0"]
[WhiteElo "2378"]
[BlackElo "2102"]
[PlyCount "59"]
[EventDate "2009.04.05"]
[EventType "team"]
[EventRounds "9"]
[EventCountry "AUT"]
[WhiteTeam "Deutschland"]
[BlackTeam "Schweden II"]

1.d4 d5 2.Nf3 Nf6 3.c4 c6 4.Qc2 e6 5.g3 Nbd7 6.Bg2 Be7 7.Nbd2 O-O 8.O-O Re8 9.b3
b6 10.e4 dxe4 11.Nxe4 Bb7 12.Bb2 Qc7 13.Rad1 Rad8 14.Nxf6+ Bxf6 15.Rfe1 Nf8
16.c5 Ng6 17.b4 Ne7 18.a3 Nd5 19.Nd2 bxc5 20.dxc5 Be7 21.Be5 Qd7 22.Ne4 a5
23.Qb2 f6 24.Bd6 axb4 25.axb4 e5 26.Bxe7 Rxe7 27.Nd6 Rb8 28.b5 Qc7 29.bxc6 Bxc6
30.Qa2

[Event "11. Senioren Team Europameiste"]
[Site "Velden - Casino"]
[Date "2009.04.05"]
[Round "1"]
[Board "2"]
[White "Hallerod, Ralph"]
[Black "Hecht, Hans-Joachim"]
[Result "0-1"]
[WhiteElo "2081"]
[BlackElo "2390"]
[PlyCount "102"]
[EventDate "2009.04.05"]
[EventType "team"]
[EventRounds "9"]
[EventCountry "AUT"]
[WhiteTeam "Schweden II"]
[BlackTeam "Deutschland"]

1.d4 Nf6 2.c4 e6 3.Nc3 Bb4 4.e3 O-O 5.Bd3 d5 6.a3 Be7 7.Nf3 b6 8.O-O Bb7 9.Qc2
Nbd7 10.e4 dxe4 11.Nxe4 c5 12.Rd1 Qc7 13.b3 cxd4 14.Nxd4 Qe5 15.Ng3 Nc5 16.Bb2
Nxd3 17.Rxd3 Qc7 18.Qe2 Rad8 19.Rad1 Rfe8 20.f3 a6 21.Kh1 Bf8 22.Nc2 Rxd3
23.Rxd3 Be7 24.Be5 Qc5 25.Bd4 Qc6 26.Nb4 Qc7 27.Be5 Qc8 28.Qd2 Rd8 29.Bd6 Kf8
30.Bxe7+ Kxe7 31.Rxd8 Qxd8 32.Qxd8+ Kxd8 33.Nd3 Nd7 34.Kg1 g6 35.Kf2 e5 36.h4 f5
37.Ne2 Ke7 38.Nc3 Kd6 39.g4 e4 40.fxe4 fxe4 41.Nf4 Ke5 42.Nce2 Nc5 43.b4 Nd3+
44.Ke3 Nb2 45.c5 Nc4+ 46.Kf2 bxc5 47.bxc5 Nxa3 48.g5 Nc4 49.Ke1 e3 50.Nd3+ Ke4
51.Nb4 Ne5

[Event "11. Senioren Team Europameiste"]
[Site "Velden - Casino"]
[Date "2009.04.05"]
[Round "1"]
[Board "3"]
[White "Klundt, Klaus"]
[Black "Sterner, Johan"]
[Result "1-0"]
[WhiteElo "2347"]
[BlackElo "2041"]
[PlyCount "81"]
[EventDate "2009.04.05"]
[EventType "team"]
[EventRounds "9"]
[EventCountry "AUT"]
[WhiteTeam "Deutschland"]
[BlackTeam "Schweden II"]

1.e4 e5 2.Nf3 Nc6 3.Bb5 Nf6 4.d3 d6 5.c3 Be7 6.O-O O-O 7.Re1 Bg4 8.h3 Bh5 9.Nbd2
Nd7 10.Nf1 Nc5 11.Ng3 Bxf3 12.Qxf3 Bg5 13.Nf5 Ne6 14.g3 Qf6 15.Kg2 g6 16.Nh6+
Kg7 17.Qxf6+ Bxf6 18.h4 Kh8 19.Bc4 Rae8 20.Rh1 Na5 21.Bb5 Re7 22.Be3 a6 23.Ba4
b5 24.Bc2 c5 25.a3 Nc6 26.Bb3 Bg7 27.Bd5 Ncd8 28.h5 Bf6 29.a4 b4 30.cxb4 cxb4
31.Rac1 Rc7 32.a5 gxh5 33.Nf5 Rxc1 34.Rxc1 Nc5 35.Bxc5 dxc5 36.Rxc5 Re8 37.Rc7
Rf8 38.Ra7 Ne6 39.Rxa6 Bd8 40.Ra8 Nc5 41.a6

[Event "11. Senioren Team Europameiste"]
[Site "Velden - Casino"]
[Date "2009.04.05"]
[Round "1"]
[Board "4"]
[White "Andersson, Sven-Olof"]
[Black "Malich, Burkhard"]
[Result "0-1"]
[WhiteElo "2060"]
[BlackElo "2372"]
[PlyCount "120"]
[EventDate "2009.04.05"]
[EventType "team"]
[EventRounds "9"]
[EventCountry "AUT"]
[WhiteTeam "Schweden II"]
[BlackTeam "Deutschland"]

1.d4 d5 2.Nf3 c6 3.g3 Nf6 4.Bg2 Bf5 5.O-O e6 6.b3 h6 7.Bb2 a5 8.c4 Be7 9.Nc3
Nbd7 10.e3 O-O 11.Rc1 Ne4 12.Nxe4 Bxe4 13.Nd2 Bxg2 14.Kxg2 a4 15.Bc3 b5 16.c5 f5
17.b4 Bf6 18.Nf3 Qc7 19.a3 Rae8 20.Qc2 Re7 21.Rcd1 g5 22.h3 Rg7 23.Qb2 Qd8
24.Ne5 Bxe5 25.dxe5 Qe8 26.f3 Qg6 27.Qc2 g4 28.hxg4 fxg4 29.Qxg6 gxf3+ 30.Rxf3
Rxg6 31.Rxf8+ Nxf8 32.Rd4 Rg5 33.Kf3 Rxe5 34.Rg4+ Rg5 35.Rxg5+ hxg5 36.Kg4 Nh7
37.Kh5 Kf7 38.Be5 Nf6+ 39.Kxg5 Ne4+ 40.Kh6 Nd2 41.g4 Nc4 42.Bc3 Nxe3 43.g5 Nf5+
44.Kh7 Nh4 45.Kh6 Ng6 46.Kh5 e5 47.Kg4 Ke6 48.Bd2 d4 49.Bc1 e4 50.Bb2 Ke5 51.Kh5
Ne7 52.g6 Nxg6 53.Kxg6 e3 54.Bc1 Ke4 55.Kf6 d3 56.Ke6 d2 57.Bxd2 exd2 58.Kd6
d1=Q+ 59.Kxc6 Qd3 60.Kb6 Kd5

[Event "11. Senioren Team Europameiste"]
[Site "Velden - Casino"]
[Date "2009.04.05"]
[Round "1"]
[Board "1"]
[White "Buerger, Thomas"]
[Black "Jansa, Vlastimil"]
[Result "0-1"]
[WhiteElo "2121"]
[BlackElo "2480"]
[PlyCount "72"]
[EventDate "2009.04.05"]
[EventType "team"]
[EventRounds "9"]
[EventCountry "AUT"]
[WhiteTeam "Kaernten 1"]
[BlackTeam "Tschechien"]

1.e4 c5 2.Nf3 e6 3.d4 cxd4 4.Nxd4 Nc6 5.g3 Nf6 6.Bg2 a6 7.O-O Qc7 8.Nxc6 bxc6
9.c4 Bc5 10.Nc3 e5 11.Bg5 d6 12.Bxf6 gxf6 13.Rc1 h5 14.b4 Bxb4 15.Nd5 cxd5
16.Qa4+ Bd7 17.Qxb4 d4 18.c5 dxc5 19.Rxc5 Qb8 20.Qd2 Qb6 21.Rfc1 Ke7 22.f4 Rhc8
23.Rxc8 Rxc8 24.Re1 d3+ 25.Kh1 Qd4 26.fxe5 fxe5 27.Rf1 Be6 28.Qg5+ Kd6 29.h4
Bxa2 30.Kh2 Be6 31.Qh6 Kd7 32.Qxh5 Rc2 33.Qd1 Ke7 34.Qf3 d2 35.Qa3+ Qd6 36.Qf3
Rc1

[Event "11. Senioren Team Europameiste"]
[Site "Velden - Casino"]
[Date "2009.04.05"]
[Round "1"]
[Board "2"]
[White "Pribyl, Josef"]
[Black "Toefferl, Heimo"]
[Result "1-0"]
[WhiteElo "2346"]
[BlackElo "2097"]
[PlyCount "82"]
[EventDate "2009.04.05"]
[EventType "team"]
[EventRounds "9"]
[EventCountry "AUT"]
[WhiteTeam "Tschechien"]
[BlackTeam "Kaernten 1"]

1.Nf3 e6 2.c4 d5 3.b3 f5 4.g3 c6 5.Bg2 Nd7 6.Bb2 Ndf6 7.d3 Nh6 8.Nbd2 Be7 9.Qc2
O-O 10.O-O Bd7 11.e4 Be8 12.Ng5 Qd7 13.Rae1 fxe4 14.dxe4 Bg6 15.Qc3 Nf7 16.Nxf7
Rxf7 17.exd5 exd5 18.Nf3 Ne4 19.Qc1 Qf5 20.Ne5 Rf6 21.Nxg6 Rxg6 22.cxd5 cxd5
23.Bd4 Rc8 24.Qe3 Bb4 25.Bxe4 dxe4 26.Qxe4 Qd7 27.Re2 a5 28.f4 Rd6 29.Bf2 Rdc6
30.Kg2 Rd8 31.h3 h5 32.Be1 Bxe1 33.Rfxe1 b6 34.Qf3 Rh6 35.Re7 Qf5 36.R1e2 Qb1
37.Qc3 Rg6 38.Qc4+ Kh7 39.R7e5 Kh6 40.Qb5 Rxg3+ 41.Kxg3 Qg1+

[Event "11. Senioren Team Europameiste"]
[Site "Velden - Casino"]
[Date "2009.04.05"]
[Round "1"]
[Board "3"]
[White "Puff, Leo"]
[Black "Trapl, Jindrich"]
[Result "0-1"]
[WhiteElo "2032"]
[BlackElo "2353"]
[PlyCount "59"]
[EventDate "2009.04.05"]
[EventType "team"]
[EventRounds "9"]
[EventCountry "AUT"]
[WhiteTeam "Kaernten 1"]
[BlackTeam "Tschechien"]

1.d4 Nf6 2.Nf3 g6 3.c4 Bg7 4.Nc3 O-O 5.e4 d6 6.h3 Na6 7.a3 Qe8 8.Be3 e5 9.dxe5
dxe5 10.Be2 Nh5 11.Qc1 c6 12.b4 Nf4 13.Bf1 f5 14.Ra2 Nc7 15.h4 Nce6 16.Rd2 Nd4
17.Nxd4 exd4 18.Bxd4 fxe4 19.Be3 Bg4 20.g3 Bf3 21.Rg1 Nd3+ 22.Bxd3 exd3 23.Rxd3
Rd8 24.Qd2 Qe7 25.Ne2 Rxd3 26.Qxd3 Rd8 27.Qc2 Qe5 28.c5 Qa1+ 29.Qc1 Qa2 30.Bd2

[Event "11. Senioren Team Europameiste"]
[Site "Velden - Casino"]
[Date "2009.04.05"]
[Round "1"]
[Board "4"]
[White "Sikora-Lerch, Jan"]
[Black "Raschun, Gerhard"]
[Result "1-0"]
[WhiteElo "2216"]
[BlackElo "1989"]
[PlyCount "87"]
[EventDate "2009.04.05"]
[EventType "team"]
[EventRounds "9"]
[EventCountry "AUT"]
[WhiteTeam "Tschechien"]
[BlackTeam "Kaernten 1"]

1.c4 e6 2.g3 c6 3.Nf3 d5 4.b3 Nf6 5.Bg2 Be7 6.O-O O-O 7.Bb2 b6 8.d4 Bb7 9.Nc3
Nbd7 10.Rc1 Rc8 11.Re1 Ne4 12.Ne5 f5 13.Nd3 Bd6 14.e3 Ndf6 15.Ne2 Ba6 16.f3 Ng5
17.Nef4 Qd7 18.c5 Bxf4 19.gxf4 Nf7 20.cxb6 axb6 21.Ba3 Rfe8 22.Ne5 Nxe5 23.fxe5
Nh5 24.f4 g6 25.Bf3 Ng7 26.Rc2 Ra8 27.Bb4 Rec8 28.Qd2 Ne8 29.Rec1 Rc7 30.a4 Rac8
31.Rc3 Ra7 32.Qc2 Bb7 33.Qd2 Nc7 34.h3 Na6 35.Bd6 Nc7 36.Kh2 Ne8 37.Bb4 Nc7
38.Qc2 Na6 39.Bd6 Nc7 40.Be2 Na6 41.Bb5 cxb5 42.Rxc8+ Bxc8 43.Qxc8+ Qxc8
44.Rxc8+

[Event "11. Senioren Team Europameiste"]
[Site "Velden - Casino"]
[Date "2009.04.05"]
[Round "1"]
[Board "1"]
[White "Danner, Georg"]
[Black "Walther, Diethelm"]
[Result "1-0"]
[WhiteElo "2445"]
[BlackElo "2173"]
[PlyCount "51"]
[EventDate "2009.04.05"]
[EventType "team"]
[EventRounds "9"]
[EventCountry "AUT"]
[WhiteTeam "OEsterreich"]
[BlackTeam "Rheno Palatinat"]

1.d4 d5 2.Nf3 Bf5 3.c4 e6 4.Nc3 c6 5.Qb3 Qb6 6.c5 Qxb3 7.axb3 Na6 8.e4 dxe4
9.Bxa6 bxa6 10.Ne5 Ne7 11.Rxa6 f6 12.Nc4 Nd5 13.Nxd5 exd5 14.Nb6 Rb8 15.Rxa7 g5
16.b4 Be7 17.b5 cxb5 18.Nxd5 Bd8 19.c6 Rc8 20.c7 Be7 21.Bd2 Kf7 22.O-O Rce8
23.Bb4 Bc8 24.Nxe7 Rxe7 25.Bxe7 Kxe7 26.Re1

[Event "11. Senioren Team Europameiste"]
[Site "Velden - Casino"]
[Date "2009.04.05"]
[Round "1"]
[Board "2"]
[White "Schwertel, Johann"]
[Black "Wittmann, Walter"]
[Result "1/2-1/2"]
[WhiteElo "1987"]
[BlackElo "2272"]
[PlyCount "64"]
[EventDate "2009.04.05"]
[EventType "team"]
[EventRounds "9"]
[EventCountry "AUT"]
[WhiteTeam "Rheno Palatinat"]
[BlackTeam "OEsterreich"]

1.d4 Nf6 2.Nf3 d5 3.Bf4 c5 4.c3 Qb6 5.Qb3 c4 6.Qxb6 axb6 7.Bxb8 Rxb8 8.Na3 Ra8
9.Nc2 e6 10.a3 Bd6 11.g3 O-O 12.Bg2 Bd7 13.O-O Ba4 14.Rac1 Ne4 15.Rfd1 Ra5
16.Nd2 f5 17.Nxe4 fxe4 18.Rd2 Be7 19.e3 Raa8 20.Rf1 Rf6 21.Ne1 Raf8 22.f3 exf3
23.Rxf3 Rxf3 24.Nxf3 Bf6 25.Rf2 Bc6 26.Nd2 e5 27.dxe5 Bxe5 28.Rxf8+ Kxf8 29.Nf3
Bf6 30.Nd4 Ke7 31.Kf2 Kd6 32.Bh3 g6

[Event "11. Senioren Team Europameiste"]
[Site "Velden - Casino"]
[Date "2009.04.05"]
[Round "1"]
[Board "3"]
[White "Janetschek, Karl"]
[Black "Denda, Ronald"]
[Result "1-0"]
[WhiteElo "2267"]
[BlackElo "2066"]
[PlyCount "83"]
[EventDate "2009.04.05"]
[EventType "team"]
[EventRounds "9"]
[EventCountry "AUT"]
[WhiteTeam "OEsterreich"]
[BlackTeam "Rheno Palatinat"]

1.e4 e5 2.Nf3 Nc6 3.Bb5 Nf6 4.O-O Nxe4 5.d4 Be7 6.d5 Nd6 7.Be2 e4 8.dxc6 exf3
9.cxb7 Bxb7 10.Bxf3 O-O 11.Nc3 Bxf3 12.Qxf3 c6 13.Qd3 Ne8 14.Be3 d5 15.Na4 Qa5
16.b3 Nf6 17.Rad1 Rfd8 18.Rfe1 Rd7 19.Bd4 Rad8 20.Qe3 h6 21.c3 Kf8 22.f3 Kg8
23.Qf2 Nh5 24.g3 Nf6 25.Re2 Kh7 26.Rde1 Ng8 27.Qe3 Bf6 28.Nc5 Rc7 29.a4 Bxd4
30.Qxd4 Qb6 31.Kf2 Rcc8 32.b4 a5 33.bxa5 Qa7 34.Rb1 Re8 35.Rb7 Qxa5 36.Rxf7 Nf6
37.Ne6 Rxe6 38.Rxe6 Kg8 39.Rxg7+ Kxg7 40.Qxf6+ Kg8 41.Qg6+ Kf8 42.Rf6+

[Event "11. Senioren Team Europameiste"]
[Site "Velden - Casino"]
[Date "2009.04.05"]
[Round "1"]
[Board "4"]
[White "Neumann, Horst"]
[Black "Roth, Peter"]
[Result "1/2-1/2"]
[WhiteElo "1984"]
[BlackElo "2219"]
[PlyCount "85"]
[EventDate "2009.04.05"]
[EventType "team"]
[EventRounds "9"]
[EventCountry "AUT"]
[WhiteTeam "Rheno Palatinat"]
[BlackTeam "OEsterreich"]

1.d4 g6 2.Nf3 Bg7 3.e4 c6 4.c3 d5 5.Bd3 dxe4 6.Bxe4 Nf6 7.Bc2 O-O 8.O-O Nbd7
9.Re1 e6 10.Nbd2 Qc7 11.Nf1 b6 12.Bd2 Bb7 13.Ng3 Rad8 14.Qc1 c5 15.Ne4 cxd4
16.Nxd4 Nxe4 17.Bxe4 Nc5 18.Bb1 e5 19.Nb3 Qc6 20.f3 Nd3 21.Bxd3 Rxd3 22.Re3 Rd7
23.Re1 Rfd8 24.Bg5 f6 25.Be3 Qc4 26.Qc2 Kf7 27.Rad1 Bf8 28.Rxd7+ Rxd7 29.Rd1
Rxd1+ 30.Qxd1 Qd5 31.Qxd5+ Bxd5 32.Nc1 Ke6 33.Kf2 Kd7 34.b3 Kc6 35.Nd3 a5 36.c4
Be6 37.Ke2 a4 38.Kd2 axb3 39.axb3 Bd6 40.h3 Bf5 41.g4 Be6 42.Kc3 h5 43.Nb4+

[Event "11. Senioren Team Europameiste"]
[Site "Velden - Casino"]
[Date "2009.04.05"]
[Round "1"]
[Board "2"]
[White "Vucenovic, Dragomir"]
[Black "Nickl, Klaus"]
[Result "1-0"]
[WhiteElo "2296"]
[BlackElo "2150"]
[PlyCount "133"]
[EventDate "2009.04.05"]
[EventType "team"]
[EventRounds "9"]
[EventCountry "AUT"]
[WhiteTeam "Schweiz"]
[BlackTeam "Steiermark"]

1.d4 Nf6 2.Nf3 g6 3.g3 Bg7 4.Bg2 O-O 5.O-O d6 6.c4 Nc6 7.Nc3 a6 8.Re1 Rb8 9.Rb1
b5 10.cxb5 axb5 11.b4 Bd7 12.h3 Na7 13.e4 Nc8 14.e5 Ne8 15.Bf4 Nb6 16.g4 Nc4
17.Bf1 e6 18.a4 d5 19.axb5 Na3 20.Ra1 Nxb5 21.Na4 c6 22.Nc5 Nec7 23.Qd2 Bc8
24.g5 Rb6 25.Nh2 Na6 26.Rec1 Nxc5 27.Rxc5 Nc7 28.Qc3 Qd7 29.Rca5 Nb5 30.Qc5 Rb8
31.Ng4 Rd8 32.Nf6+ Bxf6 33.gxf6 h5 34.Bh6 Kh7 35.Be3 Qe8 36.Rc1 Bd7 37.Qc2 Qf8
38.Rb1 Rb7 39.Be2 Kh8 40.Kh2 Nc7 41.Bd2 Nb5 42.Qd3 Qg8 43.Rg1 Qh7 44.Rg5 Rg8
45.Ra1 Nc7 46.Rag1 Rbb8 47.Bxh5 c5 48.dxc5 Bb5 49.Qb1 d4 50.Qe4 Nd5 51.Bxg6 fxg6
52.Rxg6 Rxg6 53.Rxg6 Nc3 54.Qg4 Rg8 55.f7 Qxg6 56.Qxg6 Rxg6 57.f8=Q+ Kh7 58.Qf7+
Rg7 59.Qxe6 Bd3 60.h4 Ne4 61.Bg5 Nxg5 62.hxg5 Rxg5 63.Qd7+ Kh6 64.Qxd4 Be2
65.Qe3 Bb5 66.f4 Rh5+ 67.Kg3

[Event "11. Senioren Team Europameiste"]
[Site "Velden - Casino"]
[Date "2009.04.05"]
[Round "1"]
[Board "3"]
[White "Valent, Peter"]
[Black "Hohler, Peter"]
[Result "0-1"]
[WhiteElo "2070"]
[BlackElo "2207"]
[PlyCount "80"]
[EventDate "2009.04.05"]
[EventType "team"]
[EventRounds "9"]
[EventCountry "AUT"]
[WhiteTeam "Steiermark"]
[BlackTeam "Schweiz"]

1.e4 e5 2.Nf3 Nc6 3.Bb5 a6 4.Bxc6 dxc6 5.O-O Qd6 6.Na3 Be6 7.Qe2 f6 8.c3 c5
9.Rd1 Rd8 10.d4 cxd4 11.cxd4 c5 12.d5 b5 13.Be3 Bd7 14.Rac1 Rc8 15.b4 cxb4
16.Nxb5 axb5 17.Rxc8+ Bxc8 18.Qxb5+ Qd7 19.Qa5 Bd6 20.Bc5 Nh6 21.Qxb4 Nf7 22.Nd2
O-O 23.Nc4 Bxc5 24.Qxc5 Ba6 25.Nb6 Qd6 26.Qxd6 Nxd6 27.Na4 Nxe4 28.d6 Rd8 29.f3
Rxd6 30.Rb1 Ng5 31.Rb8+ Kf7 32.Nc5 Ne6 33.Ne4 Rc6 34.Ra8 f5 35.Ra7+ Kg6 36.Nc3
Nc7 37.Na4 Kf6 38.Nb6 Rxb6 39.Rxc7 Rb1+ 40.Kf2 Rb2+

[Event "11. Senioren Team Europameiste"]
[Site "Velden - Casino"]
[Date "2009.04.05"]
[Round "1"]
[Board "1"]
[White "Tatai, Stefano"]
[Black "Seyffer, Guenther"]
[Result "1/2-1/2"]
[WhiteElo "2351"]
[BlackElo "2049"]
[PlyCount "92"]
[EventDate "2009.04.05"]
[EventType "team"]
[EventRounds "9"]
[EventCountry "AUT"]
[WhiteTeam "Italy"]
[BlackTeam "Stiftung Bahn-Sozialwerk/DBAG III"]

1.d4 c5 2.d5 Nf6 3.c4 b5 4.cxb5 g6 5.Nc3 Bg7 6.e4 d6 7.h3 O-O 8.Nf3 Nbd7 9.Bf4
a6 10.bxa6 Qa5 11.Bd2 Bxa6 12.Bxa6 Qxa6 13.Qe2 Rfb8 14.Rb1 Rb4 15.a3 Rb3 16.Qxa6
Rxa6 17.Kd1 Ne8 18.Kc2 Rb8 19.Be3 Nc7 20.Nd2 e6 21.dxe6 Nxe6 22.Nc4 Ne5 23.Nxe5
dxe5 24.b4 Nd4+ 25.Kd3 cxb4 26.Rxb4 Rd8 27.Bxd4 Rxa3 28.Ke2 exd4 29.Nb5 d3+
30.Kf3 Ra6 31.g3 Ra2 32.Rd1 d2 33.Ke2 f5 34.f3 Rd7 35.exf5 gxf5 36.Rb3 Bf8
37.Re3 Bc5 38.Re5 Bb4 39.f4 Ra5 40.g4 fxg4 41.hxg4 Kf7 42.Kf2 h6 43.Ke2 Kf6
44.Kf2 Ra6 45.Re4 Ba5 46.Nd4 Bc3

[Event "11. Senioren Team Europameiste"]
[Site "Velden - Casino"]
[Date "2009.04.05"]
[Round "1"]
[Board "2"]
[White "Gaenssmantel, Alfons"]
[Black "Micheli, Carlo"]
[Result "0-1"]
[WhiteElo "2127"]
[BlackElo "2302"]
[PlyCount "65"]
[EventDate "2009.04.05"]
[EventType "team"]
[EventRounds "9"]
[EventCountry "AUT"]
[WhiteTeam "Stiftung Bahn-Sozialwerk/DBAG III"]
[BlackTeam "Italy"]

1.e4 c5 2.c3 e6 3.d4 d5 4.e5 Qb6 5.Nf3 Bd7 6.Be2 Bb5 7.O-O Bxe2 8.Qxe2 Qa6 9.Qc2
Nc6 10.dxc5 Bxc5 11.b4 Be7 12.a4 Qb6 13.a5 Qc7 14.Qe2 a6 15.Bf4 g5 16.Nxg5 Bxg5
17.Bxg5 Qxe5 18.Qxe5 Nxe5 19.Nd2 f6 20.Be3 Ne7 21.f4 Nd7 22.c4 Rf8 23.Rf3 Rc8
24.Rc1 Nf5 25.Bf2 Rc7 26.Rfc3 Rc8 27.c5 h5 28.Nf3 Nb8 29.Nh4 Nxh4 30.Bxh4 Nc6
31.Rb3 Nd4 32.Rb2 Rf7 33.Kf1

[Event "11. Senioren Team Europameiste"]
[Site "Velden - Casino"]
[Date "2009.04.05"]
[Round "1"]
[Board "3"]
[White "Rosino, Antonio"]
[Black "Ehlert, Joachim"]
[Result "1/2-1/2"]
[WhiteElo "2258"]
[BlackElo "2016"]
[PlyCount "54"]
[EventDate "2009.04.05"]
[EventType "team"]
[EventRounds "9"]
[EventCountry "AUT"]
[WhiteTeam "Italy"]
[BlackTeam "Stiftung Bahn-Sozialwerk/DBAG III"]

1.e4 c5 2.c3 Nf6 3.e5 Nd5 4.d4 cxd4 5.Nf3 e6 6.cxd4 d6 7.Bd3 Be7 8.O-O O-O 9.Qe2
Nb4 10.Bc4 d5 11.Bb3 b6 12.Rd1 Ba6 13.Qe3 Bc4 14.a3 Bxb3 15.Qxb3 N4c6 16.Nc3 Na5
17.Qc2 Nd7 18.b3 Rc8 19.Bd2 h6 20.Qb2 a6 21.Rdc1 f6 22.exf6 Bxf6 23.Ne2 Nc5
24.Bxa5 bxa5 25.Qc2 Ne4 26.Qd3 Qd6 27.Rxc8 Rxc8

[Event "11. Senioren Team Europameiste"]
[Site "Velden - Casino"]
[Date "2009.04.05"]
[Round "1"]
[Board "4"]
[White "Seyffarth, Renate"]
[Black "Magrini, Riccardo"]
[Result "1/2-1/2"]
[WhiteElo "1979"]
[BlackElo "2194"]
[PlyCount "75"]
[EventDate "2009.04.05"]
[EventType "team"]
[EventRounds "9"]
[EventCountry "AUT"]
[WhiteTeam "Stiftung Bahn-Sozialwerk/DBAG III"]
[BlackTeam "Italy"]

1.d4 Nf6 2.e3 g6 3.Be2 Bg7 4.f4 d6 5.Nf3 Nbd7 6.c3 O-O 7.O-O b6 8.Ng5 h6 9.Bf3
Ba6 10.Ne4 Bxf1 11.Nxf6+ Nxf6 12.Bxa8 Qxa8 13.Qxf1 e5 14.Nd2 exf4 15.Qxf4 Re8
16.Qf3 Ne4 17.Nxe4 Rxe4 18.Bd2 h5 19.Rf1 Qe8 20.Qe2 c6 21.Qd3 Bh6 22.Rf3 d5
23.h3 b5 24.b3 Qe6 25.c4 a6 26.cxd5 cxd5 27.Qc3 Qd7 28.Rf6 Re6 29.Rxe6 Qxe6
30.Qd3 Bf8 31.Qc2 Qd7 32.Be1 Bd6 33.Kf1 Kg7 34.e4 dxe4 35.Qxe4 Bc7 36.d5 Qd6
37.Bc3+ f6 38.Bb4

[Event "11. Senioren Team Europameiste"]
[Site "Velden - Casino"]
[Date "2009.04.05"]
[Round "1"]
[Board "1"]
[White "Ozbilen, Hayri"]
[Black "Boehnisch, Manfred"]
[Result "1/2-1/2"]
[WhiteElo "2103"]
[BlackElo "2374"]
[PlyCount "99"]
[EventDate "2009.04.05"]
[EventType "team"]
[EventRounds "9"]
[EventCountry "AUT"]
[WhiteTeam "Turkiye"]
[BlackTeam "Schachgemeinschaft Leipzig"]

1.e4 c6 2.d4 d5 3.exd5 cxd5 4.c4 Nf6 5.Nc3 Nc6 6.cxd5 Nxd5 7.Nf3 g6 8.Bc4 Nxc3
9.bxc3 Bg7 10.O-O O-O 11.Bf4 b6 12.Bd3 Bb7 13.Be4 Rc8 14.Rc1 Qd7 15.Qd2 Rfd8
16.Rfe1 e6 17.Bh6 Bh8 18.h4 Na5 19.Bxb7 Qxb7 20.h5 Rd5 21.hxg6 hxg6 22.Ne5 Nc4
23.Nxc4 Rxc4 24.Qd3 Rc6 25.Re4 Rh5 26.Qe3 b5 27.Bg5 Ra6 28.c4 bxc4 29.Bf4 Rxa2
30.d5 Qxd5 31.Rexc4 Bb2 32.Rc8+ Kh7 33.Rf1 e5 34.Bg5 Qe6 35.Qc5 Rxg5 36.Qf8 e4
37.Re8 Qh3 38.Qxf7+ Kh6 39.Qf8+ Kh5 40.Qh8+ Bxh8 41.Rxh8+ Kg4 42.Rxh3 Kf4 43.Re3
Rc5 44.Rfe1 Rc4 45.g3+ Kf5 46.Rb3 a5 47.Rb8 a4 48.Rf8+ Ke5 49.Re8+ Kf5 50.Rf8+